Engineering thermodynamics, (Record no. 183975)
[ view plain ]
| 000 -LEADER | |
|---|---|
| fixed length control field | 01014 a2200169 4500 |
| 003 - CONTROL NUMBER IDENTIFIER | |
| control field | Nust |
| 005 - DATE AND TIME OF LATEST TRANSACTION | |
| control field | 20221201103104.0 |
| 040 ## - CATALOGING SOURCE | |
| Transcribing agency | Nust |
| 082 ## - DEWEY DECIMAL CLASSIFICATION NUMBER | |
| Classification number | 536.7,SPA |
| 100 ## - MAIN ENTRY--PERSONAL NAME | |
| Personal name | Spalding, D. B. |
| 9 (RLIN) | 103867 |
| 245 ## - TITLE STATEMENT | |
| Title | Engineering thermodynamics, |
| Remainder of title | an introductory text / |
| Statement of responsibility, etc. | D.B. Spalding, E.H. Cole. |
| 260 ## - PUBLICATION, DISTRIBUTION, ETC. | |
| Place of publication, distribution, etc. | London, |
| Name of publisher, distributor, etc. | E. Arnold; New York, McGraw-Hill |
| Date of publication, distribution, etc. | , 1959 [c1958] |
| 300 ## - PHYSICAL DESCRIPTION | |
| Extent | 375 p. illus. |
| Other physical details | 24 cm. |
| 505 ## - FORMATTED CONTENTS NOTE | |
| Formatted contents note | Introductory Survey (Page-1), Mechnencial Units (Page-19), Work (Page-61), Temperature (Page-61), Heat (Page-69), The first Law of Thermodynamics (Page-76), The pure Substances (Page-93), The first Law of applied to steady-Flow Processes (Page-109), Properties of pure Substance (Page-142), The Second Law of thermodynamics (Page-169), Reversibility (Page-184), The Absolute Temperature Scale (Page-202), Entropy (Page-242), Ideas Gases (Page-275), Gases Mixtures (Page-314), Flues and Combustion (Page-357). |
| 650 ## - SUBJECT ADDED ENTRY--TOPICAL TERM | |
| Topical term or geographic name entry element | Engineering thermodynamics, |
| 9 (RLIN) | 59703 |
| 942 ## - ADDED ENTRY ELEMENTS (KOHA) | |
| Source of classification or shelving scheme | |
| Koha item type | Book |
| Call number prefix | 536.7,SPA |
| Withdrawn status | Lost status | Source of classification or shelving scheme | Damaged status | Not for loan | Permanent Location | Current Location | Shelving location | Date acquired | Full call number | Barcode | Date last seen | Price effective from | Koha item type | Public note |
|---|---|---|---|---|---|---|---|---|---|---|---|---|---|---|
| Military College of Signals (MCS) | Military College of Signals (MCS) | General Stacks | 12/12/2016 | 536.7SPA | MCS6104 | 12/08/2016 | 12/12/2016 | Book | Almirah No.16, Shelf No.3 |
